Creation of Pakistan / (Record no. 549829)

000 -LEADER
fixed length control field 00461nam a2200157 a 4500
082 00 - DEWEY DECIMAL CLASSIFICATION NUMBER
Classification number 954.91
Author Mark KAD
100 1# - MAIN ENTRY--PERSONAL NAME
Personal name Kadri, Syed Shameem Hussain.
9 (RLIN) 5562
245 10 - TITLE STATEMENT
Title Creation of Pakistan /
Statement of responsibility, etc. Syed Shameem Hussain Kadri.
250 ## - EDITION STATEMENT
Edition statement 1st ed.
260 ## - PUBLICATION, DISTRIBUTION, ETC.
Place of publication, distribution, etc. Lahore :
Name of publisher, distributor, etc. Wajidalis,
Date of publication, distribution, etc. 1982.
300 ## - PHYSICAL DESCRIPTION
Extent xvi, 521, [11] p. ;
Dimensions 23 cm.
500 ## - GENERAL NOTE
General note Includes index.
526 ## - STUDY PROGRAM INFORMATION NOTE
Program name 0
Interest level 0
Reading level 0
Title point value 954_910000000000000_KAD
650 #0 - SUBJECT ADDED ENTRY--TOPICAL TERM
Topical term or geographic name entry element Pakistan movement.
9 (RLIN) 203
942 ## - ADDED ENTRY ELEMENTS (KOHA)
Source of classification or shelving scheme
Koha item type Book
Holdings
Withdrawn status Lost status Source of classification or shelving scheme Damaged status Not for loan Permanent Location Current Location Date acquired Total Checkouts Total Renewals Full call number Barcode Date last seen Date last checked out Price effective from Koha item type
          Military College of Engineering (MCE) Military College of Engineering (MCE) 10/15/2014 2 1 954.91 KAD MCE-29929 10/22/2020 02/24/2020 03/14/2021 Book
© 2023 Central Library, National University of Sciences and Technology. All Rights Reserved.